000
00271nam a22001097a 4500
008
240711b |||||||| |||| 00| 0 eng d
100
_a
Sunder, Hashmatrai
_9
16885
245
_a
Pyar aur Parikshya
260
_a
Bombay:
_b
Bharat Jiwan;
_c
1968.
300
_a
65p.
942
_c
BK
999
_c
40037
_d
40037